Normal view
MARC view
Entry Personal Name
001 - CONTROL NUMBER
- control field: 724586
003 - CONTROL NUMBER IDENTIFIER
- control field: OSt
005 - DATE AND TIME OF LATEST TRANSACTION
- control field: 20241004113519.0
008 - FIXED-LENGTH DATA ELEMENTS
- fixed length control field: 241004|| aca||aabn | a|a d
040 ## - CATALOGING SOURCE
- Original cataloging agency: OSt
- Transcribing agency: OSt
100 ## - HEADING--PERSONAL NAME
- Personal name: Nachane Sulochana A. Au.; Panda R. K. Ed
670 ## - SOURCE DATA FOUND
- Source citation: Work cat.: (OSt)1218715: Nachane Sulochana A. Au.; Panda R. K. Ed., Survey of post-sankara advaita vedanta, 2022
